00740nam a2200193 a 450000100100000000500170001000800410002704000250006810000250009324500590011826000400017730000210021749000390023850000280027750000730030583000460037895201050042499900170052900004272620201002040342.0140206s1971 sp 000 0 spa d aDO-SdBNPbspacBNPHU1 aHesse, José.9673610aBreve historia del teatro soviético /cJosé Hesse. aMadrid :bAlianza Editorial,c1971. a186 p. ;c18 cm.1 aLibro de bolsilloaliteraturav299 aBibliografía : p. 183 aIncluye referencias bibliográficas y notas al pie de las páginas 0aLibro de bolsillopliteraturan299970041 001050718MOaGRbGRcCTd2014-02-06iLF1l0o p42726-10r2020-06-25w2020-06-25y1ZNo se presta c42215d42215